000
00255nam a2200097Ia 4500
001
1062216
005
20250827001634.0
008
250824s9999 xx 000 0 und d
245
0
_a
BELLEK VE BAŞKA TUZAKLAR
_c
AYKUT ERTUĞRUL
260
_b
KETEBE YAYINLARI
999
_c
1062216
_d
1062216